[Event "Voronezh Region-ch Juniors"]
[Site "Voronezh"]
[Date "2007.11.22"]
[Round "3"]
[White "Vorotnikov, Vlad"]
[Black "Kareva, Natalia"]
[Result "1/2-1/2"]
[WhiteElo "2010"]
[BlackElo "1880"]
[PlyCount "74"]
[EventDate "2007.11.20"]
[EventType "tourn"]
[EventRounds "11"]
[EventCountry "RUS"]
[SourceTitle "EXT 2022"]
[Source "ChessBase"]
[SourceDate "2021.10.06"]
[SourceVersion "1"]
[SourceVersionDate "2021.10.06"]
[SourceQuality "1"]

1. d4 Nf6 2. c4 c5 3. d5 b5 4. cxb5 a6 5. f3 axb5 6. e4 Qa5+ 7. Bd2 b4 8. Na3 Ba6 9. Nc4 Bxc4 10. Bxc4 d6 11. a4 g6 12. Ne2 Bg7 13. 0-0 0-0 14. Qc1 Rc8 15. Ng3 Nfd7 16. f4 Nb6 17. Bb5 c4 18. Be3 N8d7 19. Ne2 Nc5 20. Qc2 b3 21. Qb1 Qb4 22. Bd4 Bxd4+ 23. Nxd4 Ncxa4 24. Bxa4 Rxa4 25. Nc6 Rxa1 26. Qxa1 Qc5+ 27. Kh1 Ra8 28. Qe1 c3 29. f5 Nc8 30. fxg6 hxg6 31. Qe2 c2 32. Qf3 f6 33. Nxe7+ Nxe7 34. Qxf6 c1Q 35. Qf7+ Kh8 36. Qf6+ Kg8 37. Qf7+ Kh8 1/2-1/2